Govt. of
Madhya Pradesh

सूचना का अधिकार मैन्युअल (Record no. 68256)

MARC details
000 -LEADER
fixed length control field 00358nam a22001097a 4500
082 ## - DEWEY DECIMAL CLASSIFICATION NUMBER
Item number 323
100 ## - MAIN ENTRY--AUTHOR NAME
Personal name बी के सिन्हा
245 ## - TITLE STATEMENT
Title सूचना का अधिकार मैन्युअल
260 ## - PUBLICATION, DISTRIBUTION, ETC. (IMPRINT)
Place of publication रायपुर
Name of publisher राज लॉ पब्लिकेशन
Year of publication 2025
650 ## - SUBJECT ADDED ENTRY--TOPICAL TERM
Topical Term RTI
942 ## - ADDED ENTRY ELEMENTS (KOHA)
Koha item type Competitive Books
Holdings
Withdrawn status Lost status Damaged status Not for loan Home library Current library Date acquired Cost, normal purchase price Full call number Accession Number Price effective from Koha item type
        MACL MACL 10/10/2025 1395.00 323 DPI003905 10/10/2025 Competitive Books